[Event "HUN-ch U8-U18 2019"]
[Site "Balatonlelle"]
[Date "2019.06.25"]
[Round "6.19"]
[White "Monduk, Ferenc"]
[Black "Bohus, Adam"]
[Result "0-1"]
[WhiteElo "1717"]
[BlackElo "2196"]
[Annotator "ChessBase"]
[PlyCount "92"]
[EventDate "2019.06.21"]
[EventType "swiss"]
[EventCountry "HUN"]
[SourceTitle "playchess.com"]
[Source "ChessBase"]
[SourceQuality "1"]
[TimeControl "40/5400+30:1800+30"]

1. d4 {[%emt 0:00:01]} d5 {[%emt 0:00:13]} 2. c4 {[%emt 0:00:05]} dxc4 {[%emt 0:00:07]} 3. Nf3 {[%emt 0:00:12]} a6 {[%emt 0:00:20]} 4. a4 {[%emt 0:00:28]} Nf6 {[%emt 0:00:20]} 5. e3 {[%emt 0:00:17]} e6 {[%emt 0:01:11]} 6. Bxc4 {[%emt 0:00:24]} c5 {[%emt 0:00:09]} 7. O-O {[%emt 0:00:33]} Nc6 {[%emt 0:00:05]} 8. dxc5 {[%emt 0:01:34]} Qc7 {[%emt 0:02:43]} 9. b3 {[%emt 0:04:39]} Bxc5 {[%emt 0:03:26]} 10. Bb2 {[%emt 0:00:37]} Be7 {[%emt 0:11:34]} 11. Nbd2 {[%emt 0:08:24]} O-O {[%emt 0:00:43]} 12. Rc1 {[%emt 0:03:05]} Rd8 {[%emt 0:02:48]} 13. Qe2 {[%emt 0:02:48]} h6 {[%emt 0:12:51]} 14. h3 {[%emt 0:06:59]} Bd7 {[%emt 0:07:32]} 15. Bd3 {[%emt 0:04:49]} Qb8 {[%emt 0:10:54]} 16. Nc4 {[%emt 0:05:09]} b5 {[%emt 0:02:10]} 17. Nce5 {[%emt 0:05:05]} Nb4 {[%emt 0:06:35]} 18. Nxd7 {[%emt 0:14:05]} Rxd7 {[%emt 0:00:58]} 19. Bb1 {[%emt 0:05:31]} bxa4 {[%emt 0:05:20]} 20. bxa4 {[%emt 0:01:56]} Qd8 {[%emt 0:00:07]} 21. Bd4 {[%emt 0:05:29]} Qa5 {[%emt 0:16:08]} 22. Ne5 {[%emt 0:03:55]} Rdd8 {[%emt 0:00:13]} 23. Nc4 {[%emt 0:05:23]} Qg5 {[%emt 0:00:05]} 24. Ne5 {[%emt 0:01:36]} Rac8 {[%emt 0:05:24]} 25. Nd3 {[%emt 0:03:17]} Rxc1 {[%emt 0:05:00]} 26. Nxc1 {[%emt 0:03:29]} Qa5 {[%emt 0:02:26]} 27. Bc2 {[%emt 0:03:16]} Rc8 {[%emt 0:01:56]} 28. Bb3 {[%emt 0:00:55]} Nbd5 {[%emt 0:00:56]} 29. Nd3 {[%emt 0:02:34]} Nc3 {[%emt 0:01:10]} 30. Qb2 {[%emt 0:01:10]} Nxa4 {[%emt 0:01:03]} 31. Bxa4 {[%emt 0:00:31]} Qxa4 {[%emt 0:00:02]} 32. Qb7 {[%emt 0:00:06]} Re8 {[%emt 0:00:55]} 33. Ne5 {[%emt 0:01:51]} Qb5 {[%emt 0:00:30]} 34. Qxb5 {[%emt 0:00:24]} axb5 {[%emt 0:00:02]} 35. Rb1 {[%emt 0:00:07]} b4 {[%emt 0:00:43]} 36. Nc6 {[%emt 0:00:25]} Bd6 {[%emt 0:00:01]} 37. g3 {[%emt 0:03:23]} Rc8 {[%emt 0:00:52]} 38. Na5 {[%emt 0:00:13]} Ne4 {[%emt 0:00:37]} 39. Nb3 {[%emt 0:03:10]} e5 {[%emt 0:00:43]} 40. Bb6 {[%emt 0:00:00]} Rc2 {[%emt 0:00:00]} 41. Rd1 {[%emt 0:10:46]} Be7 {[%emt 0:06:24]} 42. Rf1 {[%emt 0:03:34]} f6 {[%emt 0:01:22]} 43. g4 {[%emt 0:00:37]} Kf7 {[%emt 0:03:45]} 44. f4 {[%emt 0:02:04]} Rc3 {[%emt 0:05:24]} 45. Na5 {[%emt 0:01:00]} exf4 {[%emt 0:00:18]} 46. exf4 {[%emt 0:02:58]} Rxh3 {[%emt 0:01:35]} 0-1

[Event "HUN-ch U8-U18 2019"]
[Site "Balatonlelle"]
[Date "2019.06.25"]
[Round "6.20"]
[White "Pesti, Mate"]
[Black "Kresz, Adam"]
[Result "1/2-1/2"]
[WhiteElo "1925"]
[BlackElo "1949"]
[Annotator "NA"]
[PlyCount "41"]
[EventDate "2019.06.21"]
[EventType "swiss"]
[EventCountry "HUN"]
[SourceTitle "playchess.com"]
[Source "ChessBase"]
[SourceQuality "1"]
[TimeControl "40/5400+30:1800+30"]

1. e4 {[%emt 0:00:03]} e6 {[%emt 0:00:06]} 2. d4 {[%emt 0:00:08]} d5 {[%emt 0:00:06]} 3. e5 {[%emt 0:00:03]} c5 {[%emt 0:00:05]} 4. c3 {[%emt 0:00:04]} Nc6 {[%emt 0:00:04]} 5. Nf3 {[%emt 0:00:05]} Qb6 {[%emt 0:00:06]} 6. Bd3 {[%emt 0:00:07]} cxd4 {[%emt 0:00:09]} 7. cxd4 {[%emt 0:00:16]} Bd7 {[%emt 0:00:17]} 8. Bc2 {[%emt 0:08:56]} Nb4 {[%emt 0:00:22]} 9. O-O {[%emt 0:02:01]} Nxc2 {[%emt 0:09:17]} 10. Qxc2 {[%emt 0:00:47]} Rc8 {[%emt 0:01:37]} 11. Nc3 {[%emt 0:00:57]} Ne7 {[%emt 0:01:15]} 12. Rd1 {[%emt 0:05:49]} Qa6 {[%emt 0:12:21]} 13. Be3 {[%emt 0:16:00]} Nc6 {[%emt 0:07:49]} 14. Nd2 {[%emt 0:09:59]} Bb4 {[%emt 0:19:06]} 15. Nb3 {[%emt 0:09:53]} Na5 {[%emt 0:12:47]} 16. Nxa5 {[%emt 0:04:54]} Bxc3 {[%emt 0:00:16]} 17. Nxb7 {[%emt 0:06:31]} Ba4 {[%emt 0:16:01]} 18. Nd6+ {[%emt 0:12:39]} Kd7 {[%emt 0:00:07]} 19. Qd3 {[%emt 0:00:24]} Qxd3 {[%emt 0:03:00]} 20. Rxd3 {[%emt 0:00:48]} Bxb2 {[%emt 0:00:34]} 21. Nxc8 {[%emt 0:06:33]} 1/2-1/2

[Event "HUN-ch U8-U18 2019"]
[Site "Balatonlelle"]
[Date "2019.06.25"]
[Round "6.20"]
[White "Szegedy, Matyas"]
[Black "Makay, Mark Janos"]
[Result "1-0"]
[WhiteElo "1806"]
[BlackElo "1354"]
[Annotator "NA"]
[PlyCount "87"]
[EventDate "2019.06.21"]
[EventType "swiss"]
[EventCountry "HUN"]
[SourceTitle "playchess.com"]
[Source "ChessBase"]
[SourceQuality "1"]
[TimeControl "40/5400+30:1800+30"]

1. e4 {[%emt 0:00:03]} c5 {[%emt 0:00:12]} 2. Nf3 {[%emt 0:00:07]} e6 {[%emt 0:00:25]} 3. c3 {[%emt 0:00:10]} Nf6 {[%emt 0:01:16]} 4. e5 {[%emt 0:00:21]} Nd5 {[%emt 0:00:32]} 5. d4 {[%emt 0:00:08]} cxd4 {[%emt 0:01:06]} 6. cxd4 {[%emt 0:00:20]} d6 {[%emt 0:01:24]} 7. a3 {[%emt 0:02:46]} Nc6 {[%emt 0:01:38]} 8. Bd3 {[%emt 0:02:07]} Be7 {[%emt 0:02:25]} 9. O-O {[%emt 0:01:49]} O-O {[%emt 0:02:42]} 10. Nc3 {[%emt 0:01:12]} Nxc3 {[%emt 0:04:37]} 11. bxc3 {[%emt 0:00:18]} dxe5 {[%emt 0:00:39]} 12. dxe5 {[%emt 0:01:25]} Qc7 {[%emt 0:02:02]} 13. Qe2 {[%emt 0:05:07]} b6 {[%emt 0:03:34]} 14. Re1 {[%emt 0:07:32]} Bb7 {[%emt 0:06:42]} 15. Bg5 {[%emt 0:05:41]} Nd4 {[%emt 0:12:57]} 16. Nxd4 {[%emt 0:15:49]} Bxg5 {[%emt 0:00:51]} 17. Nb5 {[%emt 0:00:29]} Qc6 {[%emt 0:03:10]} 18. Be4 {[%emt 0:00:54]} Qxe4 {[%emt 0:00:18]} 19. Qxe4 {[%emt 0:00:05]} Bxe4 {[%emt 0:00:06]} 20. Rxe4 {[%emt 0:00:05]} a6 {[%emt 0:00:51]} 21. Nd6 {[%emt 0:00:24]} Be7 {[%emt 0:02:24]} 22. Rd1 {[%emt 0:04:15]} b5 {[%emt 0:03:57]} 23. Kf1 {[%emt 0:05:47]} Rfd8 {[%emt 0:04:07]} 24. Ke2 {[%emt 0:06:51]} Ra7 {[%emt 0:03:55]} 25. Red4 {[%emt 0:01:57]} Rad7 {[%emt 0:04:43]} 26. Nxb5 {[%emt 0:18:08]} Rxd4 {[%emt 0:00:53]} 27. Nxd4 {[%emt 0:00:08]} Bxa3 {[%emt 0:00:19]} 28. Rb1 {[%emt 0:00:19]} Rc8 {[%emt 0:06:21]} 29. Kd3 {[%emt 0:01:56]} Bc5 {[%emt 0:04:02]} 30. Ra1 {[%emt 0:01:11]} Bxd4 {[%emt 0:00:36]} 31. Kxd4 {[%emt 0:00:48]} Rc6 {[%emt 0:00:46]} 32. c4 {[%emt 0:01:43]} Kf8 {[%emt 0:00:06]} 33. Rb1 {[%emt 0:00:04]} Ke7 {[%emt 0:00:08]} 34. Rb7+ {[%emt 0:00:06]} Ke8 {[%emt 0:00:08]} 35. c5 {[%emt 0:00:52]} g6 {[%emt 0:00:14]} 36. g3 {[%emt 0:01:40]} Rc8 {[%emt 0:02:29]} 37. Kc4 {[%emt 0:01:49]} Rd8 {[%emt 0:00:31]} 38. c6 {[%emt 0:02:54]} Rd1 {[%emt 0:00:38]} 39. Kc5 {[%emt 0:00:18]} Kd8 {[%emt 0:01:46]} 40. Rxf7 {[%emt 0:00:00]} Rc1+ {[%emt 0:00:00]} 41. Kd6 {[%emt 0:01:46]} Rd1+ {[%emt 0:00:58]} 42. Kxe6 {[%emt 0:00:15]} a5 {[%emt 0:00:07]} 43. Rd7+ {[%emt 0:01:34]} Rxd7 {[%emt 0:00:17]} 44. cxd7 {[%emt 0:00:04]} 1-0

[Event "HUN-ch U8-U18 2019"]
[Site "Balatonlelle"]
[Date "2019.06.25"]
[Round "6.21"]
[White "Erseki, Tamara"]
[Black "Szabo, Andrea Erzsebet"]
[Result "1-0"]
[WhiteElo "1999"]
[BlackElo "1582"]
[Annotator "NA"]
[PlyCount "37"]
[EventDate "2019.06.21"]
[EventType "swiss"]
[EventCountry "HUN"]
[SourceTitle "playchess.com"]
[Source "ChessBase"]
[SourceQuality "1"]
[TimeControl "40/5400+30:1800+30"]

1. e4 {[%emt 0:00:02]} d5 {[%emt 0:00:20]} 2. exd5 {[%emt 0:00:06]} Qxd5 {[%emt 0:00:05]} 3. Nc3 {[%emt 0:00:05]} Qa5 {[%emt 0:00:04]} 4. d4 {[%emt 0:00:11]} Nf6 {[%emt 0:00:18]} 5. Nf3 {[%emt 0:02:31]} Bf5 {[%emt 0:03:07]} 6. Bd3 {[%emt 0:06:24]} Bxd3 {[%emt 0:03:46]} 7. Qxd3 {[%emt 0:00:07]} e6 {[%emt 0:00:18]} 8. O-O {[%emt 0:01:42]} Bd6 {[%emt 0:02:18]} 9. Re1 {[%emt 0:06:37]} O-O {[%emt 0:02:20]} 10. Ne4 {[%emt 0:03:12]} Nbd7 {[%emt 0:08:58]} 11. Bd2 {[%emt 0:17:01]} Qb6 {[%emt 0:02:17]} 12. c4 {[%emt 0:00:44]} c5 {[%emt 0:05:51]} 13. Bc3 {[%emt 0:01:45]} Nxe4 {[%emt 0:08:40]} 14. Qxe4 {[%emt 0:00:25]} Nf6 {[%emt 0:00:21]} 15. Qh4 {[%emt 0:00:26]} Qd8 {[%emt 0:01:38]} 16. dxc5 {[%emt 0:08:53]} Bxc5 17. Rad1 {[%emt 0:00:42]} Qe7 {[%emt 0:03:42]} 18. Qg5 {[%emt 0:00:52]} Bb4 {[%emt 0:03:55]} 19. Rd7 {[%emt 0:06:36]} 1-0

[Event "HUN-ch U8-U18 2019"]
[Site "Balatonlelle"]
[Date "2019.06.25"]
[Round "6.21"]
[White "Szabo, Marton Nandor"]
[Black "Bodrogi, Bendeguz"]
[Result "1/2-1/2"]
[WhiteElo "1665"]
[BlackElo "1925"]
[Annotator "NA"]
[PlyCount "71"]
[EventDate "2019.06.21"]
[EventType "swiss"]
[EventCountry "HUN"]
[SourceTitle "playchess.com"]
[Source "ChessBase"]
[SourceQuality "1"]
[TimeControl "40/5400+30:1800+30"]

1. Nf3 {[%emt 0:00:01]} c5 {[%emt 0:00:25]} 2. c4 {[%emt 0:00:17]} Nf6 {[%emt 0:00:25]} 3. d4 {[%emt 0:01:21]} cxd4 {[%emt 0:00:42]} 4. Nxd4 {[%emt 0:00:02]} Nc6 {[%emt 0:00:31]} 5. Nc3 {[%emt 0:00:23]} g6 {[%emt 0:00:44]} 6. e4 {[%emt 0:00:23]} d6 {[%emt 0:00:41]} 7. Be3 {[%emt 0:01:13]} Ng4 {[%emt 0:02:13]} 8. Nxc6 {[%emt 0:03:10]} bxc6 {[%emt 0:03:04]} 9. Bd2 {[%emt 0:02:28]} Bg7 {[%emt 0:02:40]} 10. Be2 {[%emt 0:00:36]} Nf6 {[%emt 0:00:15]} 11. Be3 {[%emt 0:01:02]} O-O {[%emt 0:05:02]} 12. O-O {[%emt 0:01:55]} Qa5 {[%emt 0:06:44]} 13. Rc1 {[%emt 0:08:31]} Rb8 {[%emt 0:11:40]} 14. Qd2 {[%emt 0:10:53]} Rd8 {[%emt 0:08:09]} 15. Rfd1 {[%emt 0:04:33]} Be6 {[%emt 0:02:59]} 16. b3 {[%emt 0:05:35]} Ng4 {[%emt 0:15:29]} 17. Bxg4 {[%emt 0:02:07]} Bxg4 {[%emt 0:00:07]} 18. f3 {[%emt 0:00:10]} Be6 {[%emt 0:01:12]} 19. Bd4 {[%emt 0:01:01]} c5 {[%emt 0:09:32]} 20. Bxg7 {[%emt 0:00:15]} Kxg7 {[%emt 0:00:01]} 21. Nd5 {[%emt 0:01:21]} Qxd2 {[%emt 0:00:40]} 22. Rxd2 {[%emt 0:00:01]} Bxd5 {[%emt 0:00:16]} 23. cxd5 {[%emt 0:08:51]} Rb4 {[%emt 0:11:04]} 24. Rdc2 {[%emt 0:09:33]} a5 {[%emt 0:01:35]} 25. Rc4 {[%emt 0:01:13]} Kf6 {[%emt 0:00:07]} 26. f4 {[%emt 0:09:19]} g5 {[%emt 0:02:52]} 27. g3 {[%emt 0:01:39]} gxf4 {[%emt 0:00:20]} 28. gxf4 {[%emt 0:00:00]} e5 {[%emt 0:00:22]} 29. dxe6 {[%emt 0:00:45]} Kxe6 {[%emt 0:00:14]} 30. Kf2 {[%emt 0:07:03]} Rdb8 {[%emt 0:01:44]} 31. Ke3 {[%emt 0:04:41]} Rg8 {[%emt 0:03:38]} 32. Kf3 {[%emt 0:00:35]} f5 {[%emt 0:00:31]} 33. e5 {[%emt 0:02:16]} Rxc4 {[%emt 0:02:57]} 34. Rxc4 {[%emt 0:00:06]} Rb8 {[%emt 0:01:53]} 35. Ke3 {[%emt 0:04:25]} Rb4 {[%emt 0:00:32]} 36. exd6 {[%emt 0:01:41] Ke5 Ke4+} 1/2-1/2

[Event "HUN-ch U8-U18 2019"]
[Site "Balatonlelle"]
[Date "2019.06.25"]
[Round "6.22"]
[White "Karacsonyi, Kata"]
[Black "Sulyok, Eszter"]
[Result "1/2-1/2"]
[WhiteElo "1798"]
[BlackElo "1840"]
[Annotator "NA"]
[PlyCount "138"]
[EventDate "2019.06.21"]
[EventType "swiss"]
[EventCountry "HUN"]
[SourceTitle "playchess.com"]
[Source "ChessBase"]
[SourceQuality "1"]
[TimeControl "40/5400+30:1800+30"]

1. e4 {[%emt 0:00:03]} c5 {[%emt 0:00:04]} 2. Nf3 {[%emt 0:00:05]} e6 {[%emt 0:00:04]} 3. d4 {[%emt 0:00:04]} cxd4 {[%emt 0:00:04]} 4. Nxd4 {[%emt 0:00:06]} a6 {[%emt 0:00:03]} 5. c4 {[%emt 0:00:06]} Nf6 {[%emt 0:00:19]} 6. Nc3 {[%emt 0:00:09]} Qc7 {[%emt 0:00:40]} 7. Be2 {[%emt 0:00:08]} Bb4 {[%emt 0:01:17]} 8. Nc2 {[%emt 0:00:49]} Bxc3+ {[%emt 0:10:05]} 9. bxc3 {[%emt 0:00:07]} Nc6 {[%emt 0:00:03]} 10. f3 {[%emt 0:00:48]} h6 {[%emt 0:02:11]} 11. Ba3 {[%emt 0:04:31]} Ne7 {[%emt 0:08:22]} 12. Bd6 {[%emt 0:12:42]} Qd8 {[%emt 0:01:52]} 13. Ne3 {[%emt 0:17:46]} O-O {[%emt 0:09:27]} 14. c5 {[%emt 0:04:19]} Ne8 {[%emt 0:01:06]} 15. Nc4 {[%emt 0:07:08]} Nxd6 {[%emt 0:03:35]} 16. Qxd6 {[%emt 0:00:49]} Nc6 {[%emt 0:02:04]} 17. Nb6 {[%emt 0:01:43]} Rb8 {[%emt 0:00:57]} 18. O-O {[%emt 0:06:33]} Qg5 {[%emt 0:09:12]} 19. f4 {[%emt 0:04:28]} Qe7 {[%emt 0:09:08]} 20. Rad1 {[%emt 0:01:20]} Rd8 {[%emt 0:02:15]} 21. Qxe7 {[%emt 0:06:39]} Nxe7 {[%emt 0:00:05]} 22. Rd6 {[%emt 0:00:57]} g6 {[%emt 0:05:55]} 23. Bc4 {[%emt 0:03:16]} Kf8 {[%emt 0:02:59]} 24. g4 {[%emt 0:02:30]} Ke8 {[%emt 0:07:38]} 25. h4 {[%emt 0:07:31]} Nc6 {[%emt 0:08:00]} 26. Rf2 {[%emt 0:06:23]} Ke7 {[%emt 0:03:18]} 27. Kg2 {[%emt 0:06:47]} Rg8 {[%emt 0:01:42]} 28. g5 {[%emt 0:02:35]} h5 {[%emt 0:02:10]} 29. Bb3 {[%emt 0:01:18]} Rd8 {[%emt 0:04:13]} 30. Ba4 {[%emt 0:00:34]} Rf8 {[%emt 0:01:19]} 31. Kg1 {[%emt 0:01:05]} Rd8 {[%emt 0:01:16]} 32. Rfd2 {[%emt 0:00:36]} Ke8 {[%emt 0:00:58]} 33. Re2 {[%emt 0:01:05]} Ke7 {[%emt 0:00:28]} 34. Red2 {[%emt 0:00:14]} Ke8 {[%emt 0:00:12]} 35. Kh1 {[%emt 0:00:16]} Ke7 {[%emt 0:00:45]} 36. Bb3 {[%emt 0:00:20]} Na7 {[%emt 0:02:18]} 37. Ba4 {[%emt 0:00:39]} Nc6 {[%emt 0:00:06]} 38. Rd1 {[%emt 0:00:29]} Ke8 {[%emt 0:00:36]} 39. Kh2 {[%emt 0:00:51]} Ke7 {[%emt 0:00:20]} 40. Kg3 {[%emt 0:00:00]} Ke8 {[%emt 0:00:00]} 41. f5 {[%emt 0:10:31]} gxf5 {[%emt 0:15:13]} 42. Bxc6 {[%emt 0:07:39]} bxc6 {[%emt 0:00:06]} 43. exf5 {[%emt 0:00:25]} Ke7 {[%emt 0:03:58]} 44. Kf4 {[%emt 0:02:12]} Rb7 {[%emt 0:00:47]} 45. g6 {[%emt 0:03:29]} fxg6 {[%emt 0:06:27]} 46. fxe6 {[%emt 0:02:27]} Rf8+ {[%emt 0:00:56]} 47. Kg5 {[%emt 0:00:12]} dxe6 {[%emt 0:00:45]} 48. Rxc6 {[%emt 0:00:18]} Bd7 {[%emt 0:01:27]} 49. Nxd7 {[%emt 0:01:33]} Rxd7 {[%emt 0:00:28]} 50. Rxd7+ {[%emt 0:00:08]} Kxd7 {[%emt 0:00:24]} 51. Rd6+ {[%emt 0:00:30]} Ke7 {[%emt 0:01:35]} 52. Rxa6 {[%emt 0:00:56]} Rf5+ {[%emt 0:00:16]} 53. Kxg6 {[%emt 0:00:09]} Rxc5 {[%emt 0:00:03]} 54. Ra3 {[%emt 0:00:18]} Kd6 {[%emt 0:01:22]} 55. Rb3 {[%emt 0:00:56]} Kc6 {[%emt 0:01:33]} 56. a4 {[%emt 0:01:40]} Rc4 {[%emt 0:01:06]} 57. Rb4 {[%emt 0:00:56]} Rxc3 {[%emt 0:00:42]} 58. Kxh5 {[%emt 0:00:07]} e5 {[%emt 0:00:56]} 59. Kg5 {[%emt 0:02:29]} Kd5 {[%emt 0:01:25]} 60. h5 {[%emt 0:03:39]} e4 {[%emt 0:01:04]} 61. Kg4 {[%emt 0:00:31]} Ke5 {[%emt 0:00:40]} 62. h6 {[%emt 0:01:00]} Rc7 {[%emt 0:00:08]} 63. Kg3 {[%emt 0:00:31]} Rf7 {[%emt 0:00:22]} 64. a5 {[%emt 0:00:40]} e3 {[%emt 0:00:39]} 65. h7 {[%emt 0:00:12]} Rxh7 {[%emt 0:00:37]} 66. Kf3 {[%emt 0:00:13]} Ra7 {[%emt 0:00:31]} 67. Rh4 {[%emt 0:00:56]} e2 {[%emt 0:01:02]} 68. Kxe2 {[%emt 0:00:10]} Kd5 {[%emt 0:00:04]} 69. Kd3 {[%emt 0:00:24]} Ke5 {Ke4+} 1/2-1/2

[Event "HUN-ch U8-U18 2019"]
[Site "Balatonlelle"]
[Date "2019.06.25"]
[Round "6.22"]
[White "Gulacsi, Donat Ferenc"]
[Black "Magold, Filip"]
[Result "0-1"]
[WhiteElo "1638"]
[BlackElo "1906"]
[Annotator "NA"]
[PlyCount "68"]
[EventDate "2019.06.21"]
[EventType "swiss"]
[EventCountry "HUN"]
[SourceTitle "playchess.com"]
[Source "ChessBase"]
[SourceQuality "1"]
[TimeControl "40/5400+30:1800+30"]

1. e4 {[%emt 0:00:02]} c5 {[%emt 0:00:10]} 2. Ne2 {[%emt 0:00:07]} d6 {[%emt 0:01:08]} 3. c4 {[%emt 0:00:22]} Nf6 {[%emt 0:00:12]} 4. Nbc3 {[%emt 0:00:06]} g6 {[%emt 0:00:09]} 5. d4 {[%emt 0:00:12]} cxd4 {[%emt 0:00:12]} 6. Nxd4 {[%emt 0:00:19]} Bg7 {[%emt 0:00:36]} 7. Be2 {[%emt 0:00:28]} a6 {[%emt 0:00:42]} 8. Be3 {[%emt 0:01:07]} Nbd7 {[%emt 0:00:17]} 9. O-O {[%emt 0:01:10]} Nc5 {[%emt 0:01:25]} 10. f3 {[%emt 0:02:06]} O-O {[%emt 0:00:12]} 11. Rc1 {[%emt 0:01:17]} Ne6 {[%emt 0:02:13]} 12. b3 {[%emt 0:02:21]} Bd7 {[%emt 0:04:42]} 13. Qd2 {[%emt 0:11:11]} Re8 {[%emt 0:03:50]} 14. Nd5 {[%emt 0:04:07]} Nxd5 {[%emt 0:03:31]} 15. exd5 {[%emt 0:03:55]} Nxd4 {[%emt 0:07:02]} 16. Bxd4 {[%emt 0:00:08]} e5 {[%emt 0:04:49]} 17. dxe6 {[%emt 0:04:06]} Rxe6 {[%emt 0:01:16]} 18. Bxg7 {[%emt 0:00:34]} Kxg7 {[%emt 0:00:05]} 19. f4 {[%emt 0:02:06]} Bc6 {[%emt 0:14:29]} 20. f5 {[%emt 0:09:54]} Re5 {[%emt 0:11:27]} 21. f6+ {[%emt 0:02:18]} Kg8 {[%emt 0:00:04]} 22. Bf3 {[%emt 0:05:40]} Rf5 {[%emt 0:08:14]} 23. Bxc6 {[%emt 0:01:29]} Rxf1+ {[%emt 0:00:07]} 24. Rxf1 {[%emt 0:00:37]} bxc6 {[%emt 0:00:05]} 25. Qf4 {[%emt 0:07:39]} a5 {[%emt 0:01:27]} 26. Rf3 {[%emt 0:02:34]} d5 {[%emt 0:10:50]} 27. Rh3 {[%emt 0:01:48]} dxc4 {[%emt 0:00:37]} 28. bxc4 {[%emt 0:08:47]} Qd1+ {[%emt 0:00:32]} 29. Kf2 {[%emt 0:00:20]} Qc2+ {[%emt 0:03:39]} 30. Kg3 {[%emt 0:01:58]} Rd8 {[%emt 0:01:42]} 31. Qh6 {[%emt 0:02:55]} Rd3+ {[%emt 0:02:31]} 32. Kh4 {[%emt 0:03:58]} Qf2+ {[%emt 0:00:16]} 33. Kg5 {[%emt 0:02:40]} Qf5+ {[%emt 0:00:31]} 34. Kh4 {[%emt 0:00:09]} Rd4+ {[%emt 0:00:03]} 0-1

[Event "HUN-ch U8-U18 2019"]
[Site "Balatonlelle"]
[Date "2019.06.25"]
[Round "6.23"]
[White "Bodo, Boglarka"]
[Black "Buri, Kata"]
[Result "1/2-1/2"]
[WhiteElo "1646"]
[BlackElo "1393"]
[Annotator "NA"]
[PlyCount "74"]
[EventDate "2019.06.21"]
[EventType "swiss"]
[EventCountry "HUN"]
[SourceTitle "playchess.com"]
[Source "ChessBase"]
[SourceQuality "1"]
[TimeControl "40/5400+30:1800+30"]

1. e4 {[%emt 0:00:02]} c5 {[%emt 0:00:13]} 2. Nf3 {[%emt 0:00:13]} Nc6 {[%emt 0:00:19]} 3. Bb5 {[%emt 0:00:51]} e6 {[%emt 0:00:26]} 4. O-O {[%emt 0:03:10]} Nge7 {[%emt 0:01:24]} 5. c3 {[%emt 0:02:31]} a6 {[%emt 0:01:05]} 6. Ba4 {[%emt 0:07:21]} b5 {[%emt 0:02:35]} 7. Bc2 {[%emt 0:01:01]} Bb7 {[%emt 0:01:38]} 8. d4 {[%emt 0:02:03]} cxd4 {[%emt 0:00:30]} 9. cxd4 {[%emt 0:01:18]} Nb4 {[%emt 0:01:15]} 10. a3 {[%emt 0:02:44]} Nxc2 {[%emt 0:01:09]} 11. Qxc2 {[%emt 0:00:44]} Rc8 {[%emt 0:00:44]} 12. Qe2 {[%emt 0:02:29]} Ng6 {[%emt 0:00:37]} 13. Nc3 {[%emt 0:03:59]} Be7 {[%emt 0:00:48]} 14. Rd1 {[%emt 0:07:04]} O-O {[%emt 0:01:12]} 15. Be3 {[%emt 0:04:09]} d6 {[%emt 0:04:29]} 16. Rac1 {[%emt 0:03:07]} f5 {[%emt 0:05:08]} 17. d5 {[%emt 0:17:04]} fxe4 {[%emt 0:03:48]} 18. Nd4 {[%emt 0:01:22]} Qd7 {[%emt 0:06:01]} 19. Nxe6 {[%emt 0:10:51]} Rf7 {[%emt 0:00:29]} 20. Qh5 {[%emt 0:09:54]} Ne5 {[%emt 0:06:31]} 21. Nxe4 {[%emt 0:04:48]} Rxc1 {[%emt 0:01:15]} 22. Bxc1 {[%emt 0:00:21]} Bxd5 {[%emt 0:05:22]} 23. N6g5 {[%emt 0:02:32]} Bxg5 {[%emt 0:00:16]} 24. Nxg5 {[%emt 0:00:10]} Qf5 {[%emt 0:00:11]} 25. f4 {[%emt 0:02:01]} Qc2 {[%emt 0:02:19]} 26. Rxd5 {[%emt 0:01:53]} Qxc1+ {[%emt 0:01:34]} 27. Rd1 {[%emt 0:00:07]} Qc5+ {[%emt 0:00:05]} 28. Kh1 {[%emt 0:00:37]} g6 {[%emt 0:00:09]} 29. Qh3 {[%emt 0:01:36]} Qc2 {[%emt 0:00:50]} 30. Rf1 {[%emt 0:04:10]} Qe2 {[%emt 0:00:31]} 31. g3 {[%emt 0:00:57]} Ng4 {[%emt 0:00:43]} 32. Nxf7 {[%emt 0:00:53]} Nf2+ {[%emt 0:00:20]} 33. Rxf2 {[%emt 0:00:09]} Qxf2 {[%emt 0:00:09]} 34. Ng5 {[%emt 0:01:21]} Qe1+ {[%emt 0:00:47]} 35. Kg2 {[%emt 0:00:07]} Qe2+ {[%emt 0:00:21]} 36. Kg1 {[%emt 0:00:14]} Qe3+ {[%emt 0:00:11]} 37. Kg2 {[%emt 0:02:30]} Qe2+ {[%emt 0:00:07]} 1/2-1/2

[Event "HUN-ch U8-U18 2019"]
[Site "Balatonlelle"]
[Date "2019.06.25"]
[Round "6.23"]
[White "Kasnya, Peter"]
[Black "Megyaszai, Balazs"]
[Result "1-0"]
[WhiteElo "1496"]
[BlackElo "1905"]
[Annotator "NA"]
[PlyCount "79"]
[EventDate "2019.06.21"]
[EventType "swiss"]
[EventCountry "HUN"]
[SourceTitle "playchess.com"]
[Source "ChessBase"]
[SourceQuality "1"]
[TimeControl "40/5400+30:1800+30"]

1. e4 {[%emt 0:00:03]} c5 {[%emt 0:01:00]} 2. d4 {[%emt 0:01:34]} cxd4 {[%emt 0:01:57]} 3. c3 {[%emt 0:00:13]} d3 {[%emt 0:03:30]} 4. c4 {[%emt 0:00:14]} Nc6 {[%emt 0:02:09]} 5. Bxd3 {[%emt 0:00:14]} g6 {[%emt 0:05:46]} 6. Nf3 {[%emt 0:01:25]} Bg7 {[%emt 0:03:20]} 7. O-O {[%emt 0:00:35]} d6 {[%emt 0:01:35]} 8. h3 {[%emt 0:03:04]} Nf6 {[%emt 0:02:13]} 9. Qe2 {[%emt 0:00:55]} O-O {[%emt 0:02:27]} 10. Nc3 {[%emt 0:02:22]} Bd7 {[%emt 0:08:50]} 11. Rd1 {[%emt 0:02:39]} Ne8 {[%emt 0:09:48]} 12. Bg5 {[%emt 0:02:08]} Nc7 {[%emt 0:09:33]} 13. Rac1 {[%emt 0:03:36]} Ne6 {[%emt 0:00:51]} 14. Be3 {[%emt 0:01:26]} Rc8 {[%emt 0:03:23]} 15. Bb1 {[%emt 0:00:50]} b6 {[%emt 0:02:05]} 16. b3 {[%emt 0:01:04]} Nc5 {[%emt 0:03:45]} 17. Nd5 {[%emt 0:03:49]} Ne6 {[%emt 0:03:18]} 18. Ng5 {[%emt 0:12:33]} Nc7 {[%emt 0:04:10]} 19. Nf3 {[%emt 0:04:19]} Ra8 {[%emt 0:04:28]} 20. Bg5 {[%emt 0:02:59]} Ne6 {[%emt 0:01:29]} 21. Be3 {[%emt 0:00:42]} Bc8 {[%emt 0:01:19]} 22. Ng5 {[%emt 0:02:20]} Nc7 {[%emt 0:00:51]} 23. a3 {[%emt 0:00:55]} Bb7 {[%emt 0:03:49]} 24. f4 {[%emt 0:05:50]} Bc8 {[%emt 0:04:43]} 25. f5 {[%emt 0:00:43]} Ne5 {[%emt 0:03:17]} 26. Nf3 {[%emt 0:01:31]} Nxd5 {[%emt 0:04:11]} 27. Rxd5 {[%emt 0:01:04]} Bb7 {[%emt 0:03:28]} 28. Rdd1 {[%emt 0:00:32]} Nxf3+ {[%emt 0:00:00]} 29. Qxf3 {[%emt 0:00:35]} Qc7 {[%emt 0:00:05]} 30. Qg3 {[%emt 0:00:25]} Rac8 {[%emt 0:01:08]} 31. Bg5 {[%emt 0:01:11]} Rfe8 {[%emt 0:00:54]} 32. Be3 {[%emt 0:01:11]} Qc6 {[%emt 0:00:34]} 33. Bf4 {[%emt 0:01:50]} Qc5+ {[%emt 0:00:50]} 34. Kh1 {[%emt 0:00:58]} Qxa3 {[%emt 0:02:02]} 35. h4 {[%emt 0:00:57]} Kh8 {[%emt 0:01:39]} 36. Rc3 {[%emt 0:01:25]} Bxc3 {[%emt 0:01:26]} 37. Qxc3+ {[%emt 0:00:09]} Kg8 {[%emt 0:00:29]} 38. Bh6 {[%emt 0:00:11]} f6 {[%emt 0:00:49]} 39. fxg6 {[%emt 0:00:26]} hxg6 {[%emt 0:00:54]} 40. e5 {[%emt 0:00:00]} 1-0